000 00720nam a2200217Ia 4500
001 13264
003 GE_BSU
008 181216s||||||||xx |||||||||||||| ||und||
040 _cGE_BSU
080 _a633/633.1
245 _aРуководство по апробации сельскохозяйственных культур.
245 _bЗерновые культуры
245 _cПод.ред.А.М.Ржехина
250 _a2-ое перераб.
260 _aМосква
260 _bСельхозгиз
260 _c1936
300 _a372стр.илл.20см.
653 _aРуководство по апробации сельскохозяйственных культур
942 _cBK
999 _c46426
_d46426